| 000 | 00727nam a2200217Ia 4500 | ||
|---|---|---|---|
| 001 | 8085 | ||
| 003 | GE_BSU | ||
| 008 | 181216s||||||||xx |||||||||||||| ||und|| | ||
| 040 | _cGE_BSU | ||
| 080 | _a543(075) | ||
| 100 | _aКрешков,А.П. | ||
| 245 | _aОсновы аналитической химии. 1. Теоретические основы; Качественный и количественный анализ. | ||
| 245 | _cРед. Л.Н.Овсянникова. | ||
| 250 | _aИзд. третье, переработанное. | ||
| 260 | _aМ. | ||
| 260 | _bХимия. | ||
| 260 | _c1970. | ||
| 300 | _a472стр. 27см. | ||
| 653 | _aОсновы аналитической химии. | ||
| 942 | _cBK | ||
| 999 |
_c41423 _d41423 |
||